Statistiken für Basketball: NBA-Teams nach Stadt

Klicken Sie hier um das Quiz zu spielen!

Allgemein

  • Dieses Quiz wurde 3.837 mal gespielt
  • Das Durchschnittsergebnis liegt bei 27 aus 30

Antwortstatistiken

Stadt/StaatTeam% Korrekt
Los AngelesL{akers}
98%
ChicagoBulls
97%
BostonCeltics
96%
Golden StateWarriors
96%
MiamiHeat
95%
BrooklynNets
94%
Los AngelesC{lippers}
93%
MilwaukeeBucks
92%
AtlantaHawks
92%
DallasMavericks
92%
DenverNuggets
91%
CharlotteHornets
90%
UtahJazz
89%
PhoenixSuns
89%
ClevelandCavaliers
88%
DetroitPistons
88%
HoustonRockets
88%
MemphisGrizzlies
87%
New YorkKnicks
87%
TorontoRaptors
86%
San AntonioSpurs
86%
SacramentoKings
85%
OrlandoMagic
85%
Oklahoma CityThunder
85%
IndianaPacers
84%
Philadelphia76ers
83%
MinnesotaTimberwolves
82%
New OrleansPelicans
80%
WashingtonWizards
80%
PortlandTrail Blazers
77%

Verteilung der Resultate

Perzentil nach korrekt beantworteten Fragen

Anzahl Personen mit jedem Resultat

Ihre Resultats-Entwicklung

Sie haben dieses Quiz noch nicht gespielt